000 00361nam a2200145Ia 4500
008 150201s2007 xx 000 0 und d
082 _a617.645
_bM2007M
100 _aSINGH,MEHERBAN
245 _aMEDICAL EMERGENCIES IN CHILDERN
250 _a4TH
260 _bSAGAR PUBLICATION
_aDELHI
_c2007
300 _a1-822
650 _aPEDODONTICS
942 _2ddc
_cBK
_01
999 _c3868
_d3868